| 000 | 00642nam a22002057a 4500 | ||
|---|---|---|---|
| 003 | OSt | ||
| 005 | 20260126062206.0 | ||
| 008 | 260126b |||||||| |||| 00| 0 eng d | ||
| 020 | _a0-393-97174-0. | ||
| 040 |
_aDWC-Main lib. _cOC |
||
| 082 | _aCirc. 338.9 J712i 1998 | ||
| 100 | _aJones, Charles I. | ||
| 245 |
_aIntroduction to economic growth/ _cCharles I. Jones |
||
| 260 |
_aNew York: _bW.W. Norton & Co., _cc1998. |
||
| 300 |
_axii, 200 p. ; _c23 cm. |
||
| 504 | _aIncludes bibliographical references and index. | ||
| 650 | _a1. Economic Development. | ||
| 650 | _a2. Economic Indicators. | ||
| 942 |
_2ddc _cBK-CIRC _hCirc. _n0 |
||
| 999 |
_c7799 _d7799 |
||